Saturn / (Record no. 3823)

MARC details
000 -LEADER
fixed length control field 00755cam a2200253 a 4500
005 - DATE AND TIME OF LATEST TRANSACTION
control field 20240515115728.0
020 ## - INTERNATIONAL STANDARD BOOK NUMBER
International Standard Book Number 9780531147672
040 ## - CATALOGING SOURCE
Original cataloging agency DLC
Transcribing agency DLC
Modifying agency DLC
Language of cataloging eng
050 10 - LIBRARY OF CONGRESS CALL NUMBER
Classification number QB671.T235
Item number 2008
082 00 - DEWEY DECIMAL CLASSIFICATION NUMBER
Classification number 523.46
100 1# - MAIN ENTRY--PERSONAL NAME
Personal name Taylor-Butler, Christine
245 10 - TITLE STATEMENT
Title Saturn /
Statement of responsibility, etc. by Christine Taylor-Butler
260 ## - PUBLICATION, DISTRIBUTION, ETC.
Place of publication, distribution, etc. New York :
Name of publisher, distributor, etc. Children's Press,
Date of publication, distribution, etc. 2008
300 ## - PHYSICAL DESCRIPTION
Extent 24 pages :
Other physical details color illustrations ;
Dimensions 21 cm.
490 ## - SERIES STATEMENT
Series statement Scholastic News Nonfiction Readers
505 0# - FORMATTED CONTENTS NOTE
Formatted contents note M <br/>
520 ## - SUMMARY, ETC.
Summary, etc. A basic introduction to the planet Saturn.
521 ## - TARGET AUDIENCE NOTE
Target audience note 550 <br/>
Source Lexile <br/>
521 ## - TARGET AUDIENCE NOTE
Target audience note M <br/>
Source Raz-Plus <br/>
650 ## - SUBJECT ADDED ENTRY--TOPICAL TERM
Topical term or geographic name entry element Saturn
Form subdivision Juvenile Literature
906 ## - LOCAL DATA ELEMENT F, LDF (RLIN)
a 7
b cbc
c orignew
d 1
e ecip
f 20
g y-gencatlg
942 ## - ADDED ENTRY ELEMENTS (KOHA)
Source of classification or shelving scheme Dewey Decimal Classification
Koha item type Books
Suppress in OPAC No
999 ## -
-- 3823
-- 3823
Holdings
Withdrawn status Lost status Source of classification or shelving scheme Damaged status Not for loan Collection Home library Current library Shelving location Date acquired Total Checkouts Full call number Barcode Date last seen Price effective from Koha item type
    Dewey Decimal Classification     Non-Fiction Footprints International School Library Network Toul Kork Campus Footprints International School Library Network Toul Kork Campus   05/15/2024   TAY 523.46 QB671.T235 FISBK05865 05/15/2024 05/15/2024 Books